[Event "Lonigo CIS 54th Serie B Girone 6"]
[Site "Lonigo"]
[Date "2023.05.19"]
[Round "1.2"]
[White "Moncher, Stefano"]
[Black "Altissimo, Tiziano"]
[Result "1-0"]
[WhiteElo "2213"]
[BlackElo "1834"]
[PlyCount "37"]
[EventDate "2023.05.19"]
[EventType "team-tourn"]
[EventRounds "5"]
[EventCountry "ITA"]
[SourceTitle "EXT 2024"]
[Source "ChessBase"]
[SourceDate "2023.10.10"]
[SourceVersion "1"]
[SourceVersionDate "2023.10.10"]
[SourceQuality "1"]
[WhiteTeam "Venezia Canal Unigas"]
[BlackTeam "Padova Patavius Knights"]
[WhiteTeamCountry "ITA"]
[BlackTeamCountry "ITA"]

1. e4 c5 2. c3 e6 3. d4 d5 4. e5 Qb6 5. Nf3 Nc6 6. Be2 Nh6 7. Bxh6 gxh6 8. Qd2 Bd7 9. 0-0 cxd4 10. cxd4 Be7 11. Nc3 0-0-0 12. Rfc1 Kb8 13. Rab1 f6 14. exf6 Bxf6 15. Qf4+ e5 16. Qxf6 e4 17. Nxd5 Qa5 18. Rc5 Qxa2 19. Qd6+ 1-0

[Event "ITA-chTA 53rd"]
[Site "Montesilvano"]
[Date "2022.04.23"]
[Round "7.4"]
[White "Seresin, Francesco"]
[Black "Moncher, Stefano"]
[Result "1-0"]
[WhiteElo "2327"]
[BlackElo "2238"]
[PlyCount "72"]
[EventDate "2022.04.19"]
[EventType "team-tourn"]
[EventRounds "7"]
[EventCountry "ITA"]
[SourceTitle "CBM 207 Extra"]
[Source "ChessBase"]
[SourceDate "2022.05.31"]
[SourceVersion "1"]
[SourceVersionDate "2022.05.31"]
[SourceQuality "1"]
[WhiteTeam "WorldtradingLab"]
[BlackTeam "Canal Cib Unigas"]
[WhiteTeamCountry "ITA"]
[BlackTeamCountry "ITA"]

1. d4 Nf6 2. c4 g6 3. Nf3 Bg7 4. g3 0-0 5. Bg2 d6 6. Nc3 Nc6 7. 0-0 a6 8. d5 Na5 9. b3 Rb8 10. Nd4 Bd7 11. Bb2 c5 12. dxc6 bxc6 13. Qc1 Qc8 14. Rd1 c5 15. Nc2 Nc6 16. Qd2 Re8 17. Ne3 h5 18. Ncd5 Nxd5 19. cxd5 Ne5 20. Rac1 h4 21. Bc3 hxg3 22. hxg3 Ng4 23. Nc4 Bxc3 24. Qxc3 f6 25. f4 Kg7 26. e4 Rh8 27. Ne3 Rh6 28. Re1 Rh8 29. e5 Nxe3 30. Qxe3 Qe8 31. Qd3 Bb5 32. exf6+ exf6 33. Qc3 Qf7 34. Re6 Rbd8 35. Rce1 Rhe8 36. Rc1 Rg8 1-0